Svět na křídlech : kniha pohádek a povídek /

Soubor ilustrovaných pohádek a próz českých spisovatelů 1. poloviny 20. století, navazujících na tradice klasických autorů literatury pro děti, především Boženy Němcové a K. J. Erbena.

Další autoři: Šnobr, Jan, 1901-1989, Kotík, Jan, 1916-2002
Jazyk: Čeština
Vydáno: Praha : Karel Borecký, 1941
Edice: Čeští spisovatelé českým dětem
Témata:
Externí odkaz: Digitalizovaný dokument
Fyzický popis: 137 stran : ilustrace ; 25 cm
Knihy
Uloženo v:
LEADER 01829nam a22004332i 4500
001 001886861
003 CZ BrMZK
005 20260127123142.0
007 ta
008 240222s1941 xr a gr 000 j cze
015 |a cnb000759916 
020 |q (Vázáno) 
035 |a (OCoLC)85664744 
040 |a ABA001  |b cze  |c OSA001  |d ABA001  |d BOA001  |e rda 
072 7 |a 821.162.3-3  |x Česká próza  |2 Konspekt  |9 25 
080 |a 821.162.3-32  |2 MRF 
080 |a 821.162.3-34  |2 MRF 
080 |a 821-93  |2 MRF 
245 0 0 |a Svět na křídlech :  |b kniha pohádek a povídek /  |c uspořádal Jan Šnobr ; obálka a ilustrace Jana Kotíka 
264 1 |a Praha :  |b Karel Borecký,  |c 1941 
264 3 |b Václav Palán 
300 |a 137 stran :  |b ilustrace ;  |c 25 cm 
336 |a text  |b txt  |2 rdacontent 
337 |a bez média  |b n  |2 rdamedia 
338 |a svazek  |b nc  |2 rdacarrier 
490 1 |a Čeští spisovatelé českým dětem 
500 |a Dostupné též v digitální podobě v aplikaci Kramerius 
520 |a Soubor ilustrovaných pohádek a próz českých spisovatelů 1. poloviny 20. století, navazujících na tradice klasických autorů literatury pro děti, především Boženy Němcové a K. J. Erbena. 
655 7 |a české povídky  |7 fd133971  |2 czenas 
655 7 |a české pohádky  |7 fd133970  |2 czenas 
655 7 |a publikace pro děti  |7 fd133156  |2 czenas 
700 1 |a Šnobr, Jan,  |d 1901-1989  |7 jn19981228123  |4 edt 
700 1 |a Kotík, Jan,  |d 1916-2002  |7 jk01062155  |4 ill 
830 0 |a Čeští spisovatelé českým dětem 
856 4 1 |u http://www.digitalniknihovna.cz/mzk/uuid/uuid:dcaff740-bed0-11f0-ae8b-5ef3fc9bb22f  |y Digitalizovaný dokument  |x NDK 
910 |a BOA001  |b 2-1521.470 
990 |a BK 
991 |b 202401 
996 6 |b 2610960853  |c 2-1521.470  |l MZK  |r Sklad / do 1 hodiny  |n 2  |p dar  |w 001954900  |u 000010  |a 1  |e BOA001  |j MZK50  |s P